Ιστορία της Κύπρου
Saved in:
| Main Author: | |
|---|---|
| Other Authors: | |
| Format: | Book |
| Language: | Greek German |
| Published: |
Αθήνα :
Εστία,
2007.
|
| Series: | Ιστορία και πολιτική (Εστία)
|
| Subjects: | |
| Tags: |
Add Tag
No Tags, Be the first to tag this record!
|
MARC
| LEADER | 00000cam a2200000 i 4500 | ||
|---|---|---|---|
| 001 | 1/75774 | ||
| 008 | 080225s2007 gr | ||| |||| ||gre|| | ||
| 020 | |a 9789600512946 |q (τ.1) | ||
| 035 | |l 10095004 | ||
| 040 | |a GR-MY-UA |b gre |e aacr | ||
| 041 | 1 | |a gre |h ger | |
| 082 | 7 | |a 956.9303 |2 (22) | |
| 100 | 1 | |a Richter, Heinz A. | |
| 245 | 1 | 0 | |a Ιστορία της Κύπρου / |c Χαϊντς Α. Ρίχτερ ; μετάφραση: Κώστας Σαρρόπουλος. |
| 260 | |a Αθήνα : |b Εστία, |c 2007. | ||
| 300 | |a τ. : |b εικ. ; |c 24 εκ. | ||
| 490 | 1 | |a (Ιστορία και πολιτική / Εστία) | |
| 500 | |a Μετάφραση από τα γερμανικά. | ||
| 500 | |a Μετάφραση του: Geschichte der Insel Zypern . | ||
| 504 | |a Περιέχει βιβλιογραφικές παραπομπές και ευρετήριο. | ||
| 505 | 0 | |a Τ.1. 1878-1949 | |
| 651 | 0 | |a Cyprus |x History |y British rule, 1878-1960. | |
| 700 | 1 | |a Σαρρόπουλος, Κώστας, |e trl | |
| 740 | 0 | |a 1878-1949 | |
| 830 | 0 | |a Ιστορία και πολιτική (Εστία) | |
| 852 | |a INST |b LESVOS |e 20080225 |h 956.9303 RIC |p 005100040061 |q 005100040061 |t BK |y 0 |z τ.1 | ||
| 852 | |a INST |b LESVOS |e 20080225 |h 956.9303 RIC |p 005100040061 |q 005100040061 |t BK |v τ.1: |y 0 |z τ.1 | ||
| 853 | |a INST |b LESVOS |h 956.9303 RIC | ||
| 901 | |a BIBL1-2008-1 | ||
| 909 | |a Λ |b 141981 | ||
| 922 | |a 1ΕΛΗ |b 200711 |c ΕΠΕΑΕΚ2/ΤΚΑ |d Σ. ΠΑΤΑΚΗΣ | ||
| 970 | |a ΚΑΡΑ |b ΓΙΑΣΕΜΗ |z 2008/02/25 | ||